MARC

LEADER 00000ny a22000003n 4500
005 20110513100530.0
008 981117c19989999sz r p 0 0 spa
022 |a 1020-7082 
035 |a 42 
040 |a SpMaUCDE  |d vLex 
080 |a 347.77(05) 
090 |c 1827  |d 1827 
245 3 0 |a Revista de la OMPI  |h [Recurso electrn̤ico] 
246 3 |a Revista de la Organizacin̤ Mundial de la Propiedad Intelectual 
256 |a Servicio en ln̕ea 
260 |a Ginebra :  |b Oficina de Comunicacin̤ Mundial y de Relaciones Pb︢licas de la Organizacin̤ Mundial de la Propiedad Intelectual 
650 0 4 |a Propiedad intelectual  |x Publicaciones perid̤icas 
710 2 |a Organizacin̤ Mundial de la Propiedad Intelectual 
740 0 |a vLex Revista (Servicios en ln̕ea) 
780 0 0 |t Propiedad industrial y derecho de autor  |x 1020-3044 
843 |a Electrn̤ica. Abierta 
853 |8 1  |i (year)  |j (month)  |k (day) 
856 4 0 |z Acceso restringido  |u http://vlex.com/account/login_ip?fuente_id=42 
942 |c REV